000 01142nmm a2200289 a 4500
001 ocm000786389
003 TR-IsHL
005 20201028143353.0
008 140403s2007 tu tur
007 cr cn
035 _a786389
_b(N$T)
050 0 4 _aZ271.3.M37
_bİ75 2007
090 0 4 _aZ271.3.M37
_bİ75 2007
245 1 0 _aİsmek Türk Kitap Sanatları Sempozyumu: bildiriler edited by Muhammet Altıntaş.
_h[electronic resource]
260 _aİstanbul :
_bİstanbul Büyük Şehir Belediyesi - Sanat ve Meslek Eğitimi Kursları (İSMEK) Yayınları,
_c2007
300 _a160 p.
650 4 _aGüzel Sanatlar
650 4 _aFine Arts
650 0 _aTezhip, Kitaplar ve el yazmaları, Türk
_x Kogreler
650 0 _aIllumination of books and manuscripts, Turkish
_xCogresses.
650 0 _aHat Sanatı, Türk
_xKongreler
650 0 _aCalligraphy, Turkish
_xCogresses.
650 0 _aEbrulu kağıtlar
_x Türkiye
_xKongreler
650 0 _aMarbled papers
_xTurkey
_xCogresses.
650 7 _aART / Middle Eastern
_2bisacsh
856 4 0 _uhttp://search.ebscohost.com/login.aspx?direct=true&scope=site&db=e011xww&AN=786389
999 _c8862
_d8862